Tàpies, escultures i aiguaforts : del 19 d'abril al 15 de maig 1991 ... Sala 11 ... del 19 d'abril al 15 de maig 1991 ... Sala 11 ...
Descripción Física:
[8] p., [18] f. de làm., [3] p. : principalment il. col. ; 30 cm
MARC
| LEADER | 00000nam a2200000Ia 4500 | ||
|---|---|---|---|
| 001 | 16354 | ||
| 008 | 160829s9999 xx 000 0 cat d | ||
| 080 | |a FU-42-7 | ||
| 100 | 1 | |a Tàpies, AntonI, |d 1923-2012 |9 28506 | |
| 245 | |a Tàpies, escultures i aiguaforts : |b del 19 d'abril al 15 de maig 1991 ... Sala 11 ... | ||
| 260 | |a [El Prat de Llobregat] : |b Ajuntament del Prat de Llobregat, DL 1991 | ||
| 300 | |a [8] p., [18] f. de làm., [3] p. : |b principalment il. col. ; |c 30 cm | ||
| 590 | |a Catàleg de l'exposició | ||
| 600 | 1 | 0 | |a Tàpies, AntonI, |d 1923-2012 |v Exposicions |9 55206 |
| 650 | 0 | |a Art modern |y S. XX |v Exposicions |9 25515 | |
| 901 | |a Arxiu | ||
| 942 | |n 1 | ||
| 952 | |0 0 |1 0 |4 0 |6 FU427 |7 1 |9 44839 |a Arxiu |b Arxiu |d 2016-12-01 |l 0 |o FU-42-7 |p 16354 |r 2016-12-01 00:00:00 |w 2016-12-01 |y ARXIU | ||
| 999 | |c 47437 |d 47437 | ||